Kỹ thuật chế biến cà phê

Bewaard in:
Bibliografische gegevens
Hoofdauteur: Hoàng, Minh Trang
Formaat: Boek
Taal:Undetermined
Gepubliceerd in: Hà Nội Nông nghiệp 1983
Onderwerpen:
Tags: Voeg label toe
Geen labels, Wees de eerste die dit record labelt!
Thư viện lưu trữ: Trung tâm Học liệu Trường Đại học Cần Thơ
LEADER 00622nam a2200205Ia 4500
001 CTU_11431
008 210402s9999 xx 000 0 und d
082 |a 663.93 
082 |b Tr106 
100 |a Hoàng, Minh Trang 
245 0 |a Kỹ thuật chế biến cà phê 
245 0 |c Hoàng Minh Trang 
260 |a Hà Nội 
260 |b Nông nghiệp 
260 |c 1983 
526 |a Công nghệ chế biến chè, cà phê, ca cao 
526 |b NN296 
650 |a Beverage,Brewing industry,Coffee 
904 |i Trọng Hiếu 
980 |a Trung tâm Học liệu Trường Đại học Cần Thơ